| 000 | 00439nam a2200181Ia 4500 | ||
|---|---|---|---|
| 001 | 15604 | ||
| 005 | 20260306170208.0 | ||
| 008 | 260306t2012||||xx |||||||||||||| ||und|| | ||
| 041 | _aESP | ||
| 082 |
_a551 _bR93 |
||
| 100 |
_aRuiz Vásquez, Mariano _eAUT |
||
| 245 | 0 | _aGeología aplicada a la ingeniería civil | |
| 260 | _c2012 | ||
| 300 |
_a255 páginas : _c23 cm. |
||
| 650 | _aGEN | ||
| 654 | _aCIC | ||
| 942 |
_cLIB _dJUS _fJUS _2ddc _n |
||
| 999 |
_c15604 _d15604 |
||